Development patterns in the commonwealth Caribbean: Jamaica and Trinidad & Tobago

Saved in:
Bibliographic Details
Main Author: Malaki, Akhil
Format: Book
Language:English
Published: Stockholm Stockholm University, Institute of Latin American Studies 1996
Series:Monograph 30
Subjects:
Tags: Add Tag
No Tags, Be the first to tag this record!

MARC

LEADER 00000nam a2200000 4500
001 c129878
005 20221221082026.5
020 |a 91-85894-44-3 
022 |a 0284-6675 
041 0 |a eng 
044 |a SE 
245 1 0 |a Development patterns in the commonwealth Caribbean: Jamaica and Trinidad & Tobago  |c Akhil Malaki 
264 1 |a Stockholm  |b Stockholm University, Institute of Latin American Studies  |c 1996 
300 |a 141 s. 
490 1 |a Monograph  |v 30 
830 0 |a Monograph  |v 30 
610 2 0 |a rozvoj hospodársky 
610 2 0 |a internacionalizácia 
610 2 0 |a kultúra 
610 2 0 |a právo 
610 2 0 |a ekonómia politická 
610 2 0 |a kríza hospodárska 
610 2 0 |a socializmus 
610 2 0 |a politika 
610 2 0 |a politika hospodárska 
610 2 0 |a Jamajka 
610 2 0 |a Trinidad a Tobago 
100 1 |a Malaki, Akhil